Dla Mexa wszystkie karty 97+ w fifa 21 - Statystyki

Ogólne statystyki
  • Ten quiz został rozwiązany 377 razy
  • Średni wynik to 34 z 37
Statystyki odpowiedzi
Hint answers % Poprawnych
Summer Stars Argentyna PS Barcelona 99 Messi
100%
Futties 99 ŚPO Argentyna PSG Messi
100%
Toty 98 Barcelona PS Argentyna Messi
100%
Tots 98 Barcelona N Argentyna Messi
100%
Summer Stars Portugalia N Piemonte Calcio 99 Ronaldo
100%
Toty Portugalia N Piemonte Calcio 98 Ronaldo
100%
Tots Portugalia N Piemonte Calcio 98 Ronaldo
100%
97 Ikona Moments N Brazylia Ronaldo
100%
Tots 98 Polska Bayern N Lewandowski
99%
Toty 98 Polska Bayern N Lewandowski
99%
Summer Stars Brazylia LS Psg 99 Neymar
99%
Ikona Moments 99 ŚN Brazylia Pele
98%
Ikona Prime ŚPO 98 Brazylia Pele
98%
Ikona Moments ŚPO 98 Argentyna Maradona
97%
97 Ikona Prime ŚPO Argentyna Maradona
97%
97 Toty N PSG Francja Mbappe
95%
97 Tots Psg Francja N Mbappe
95%
Summer Stars 98 N Anglia Tottenham Kane
93%
Summer Stars 98 N Belgia Inter Lukaku
93%
97 Summer Stars Chorwacja ŚP Real Madryt Modrić
93%
End of the era 98 Hiszpania ŚO Real Madryt Ramos
93%
FOF Path to Glory 98 PS Belgia Real Madryt Hazard
92%
FOF Path to Glory 98 Włochy ŚP Psg Verratti
92%
97 Tots ŚN Francja Real Madryt Benzema
91%
FOF Path to Glory 99 N Liverpool Firmino
90%
Summer Stars 98 PN Belgia Manchester City De Bruyne
89%
97 Futties ŚN Piemonte Calcio Argentyna Dybala
89%
97 Ikona Moments ŚPO Francja Zidane
89%
97 Summer Stars Barcelona LO Hiszpania Alba
88%
Futties 98 ŚN Holandia Barcelona Depay
88%
97 Summer Stars PS PSG Argentyna Di Maria
88%
97 TOTY ŚPO Portugalia Manchester United Fernandes
88%
97 FOF Path to Glory Brazylia LS Real Madryt Vinicius
87%
FOF Path to Glory 98 Anglia ŚPO Manchester City Foden
86%
FOF Path to Glory 98 Sevilla Argentyna ŚP Acuna
76%
97 FOF Path to Glory Anglia LO Chelsea Chilwel
76%
97 Summer Stars Bayern NIemcy PP Kimmich
72%
Nie znaleziono quizów pasujących do podanych kryteriów
Rozkład punktacji
Procent ludzi z każdym wynikiem
Percentyl według liczby udzielonych odpowiedzi
Twoja historia wyników
Nie rozwiązałeś tego quizu